[Event "Titled Tuesday intern op 16th Apr Early"]
[Site "Chess.com INT"]
[Date "2024.04.16"]
[Round "8"]
[White "Kopylov, Daniel"]
[Black "Sasvatha, A."]
[Result "0-1"]
[WhiteElo "2355"]
[BlackElo "1844"]
[PlyCount "64"]
[EventDate "2024.04.16"]
[EventType "swiss (blitz)"]
[EventRounds "11"]
[EventCountry "USA"]
[SourceTitle "CB17_2024"]
[SourceDate "2024.04.24"]
[SourceVersion "1"]
[SourceVersionDate "2024.04.24"]
[SourceQuality "1"]

1. Nf3 d5 2. g3 Nf6 3. Bg2 Bf5 4. 0-0 c6 5. c4 e6 6. Qb3 Qb6 7. d4 h6 8. Nc3 Nbd7 9. c5 Qxb3 10. axb3 a6 11. b4 Rc8 12. Nd2 g5 13. Nb3 Bg7 14. Na5 Rb8 15. f3 Ng8 16. h4 Bxd4+ 17. e3 Be5 18. e4 Bg6 19. f4 gxf4 20. gxf4 Bd4+ 21. Kh2 Ngf6 22. f5 Bh5 23. exd5 Be5+ 24. Kh1 exd5 25. Bf4 Bxf4 26. Rxf4 0-0 27. Rg1 Kh7 28. Re1 Rfe8 29. Rff1 Ne5 30. Ne2 Nd3 31. Rd1 Bxe2 32. Rxd3 Bxd3 0-1

[Event "Titled Tuesday intern op 12th Sep Early"]
[Site "Chess.com INT"]
[Date "2023.09.12"]
[Round "3"]
[White "Kopylov, Daniel"]
[Black "Djokic, Mihailo"]
[Result "0-1"]
[WhiteElo "2317"]
[BlackElo "2148"]
[PlyCount "58"]
[EventDate "2023.09.12"]
[EventType "swiss (blitz)"]
[EventRounds "11"]
[EventCountry "USA"]
[SourceTitle "EXT 2024"]
[Source "ChessBase"]
[SourceDate "2023.10.10"]
[SourceVersion "1"]
[SourceVersionDate "2023.10.10"]
[SourceQuality "1"]

1. e4 c5 2. Nf3 d6 3. d4 cxd4 4. Nxd4 Nf6 5. Nc3 g6 6. Be3 Bg7 7. f3 0-0 8. Qd2 Nc6 9. g4 Bd7 10. 0-0-0 Rc8 11. h4 Ne5 12. h5 Qa5 13. Nb3 Qc7 14. Be2 b5 15. hxg6 fxg6 16. g5 b4 17. Nb5 Bxb5 18. gxf6 Bxe2 19. fxg7 Rxf3 20. Qd5+ Rf7 21. Rd2 Bc4 22. Qd4 Nf3 23. Rdh2 Nxd4 24. Rxh7 Nxb3+ 25. axb3 Rxg7 26. Rh8+ Kf7 27. Rf1+ Ke6 28. Rxc8 Qxc8 29. bxc4 Qxc4 0-1

[Event "Titled Tuesday intern op 12th Sep Early"]
[Site "Chess.com INT"]
[Date "2023.09.12"]
[Round "10"]
[White "Kopylov, Daniel"]
[Black "Weishaeutel, Moritz"]
[Result "1-0"]
[WhiteElo "2317"]
[BlackElo "2403"]
[PlyCount "113"]
[EventDate "2023.09.12"]
[EventType "swiss (blitz)"]
[EventRounds "11"]
[EventCountry "USA"]
[SourceTitle "EXT 2024"]
[Source "ChessBase"]
[SourceDate "2023.10.10"]
[SourceVersion "1"]
[SourceVersionDate "2023.10.10"]
[SourceQuality "1"]

1. d4 Nf6 2. Nf3 c5 3. d5 b5 4. Bg5 Qb6 5. e3 Bb7 6. Bxf6 Qxf6 7. c3 a6 8. e4 d6 9. a4 b4 10. Bd3 g6 11. 0-0 Bg7 12. a5 0-0 13. Re1 Nd7 14. Qa4 Rfd8 15. Rc1 Rac8 16. Nbd2 bxc3 17. bxc3 Rc7 18. Rab1 Bh6 19. Rc2 Bc8 20. Nc4 Bf4 21. Nb6 Ne5 22. Nxe5 Bxe5 23. Nxc8 Rcxc8 24. Bxa6 Rb8 25. Rxb8 Rxb8 26. Bb5 Qf4 27. g3 Qf3 28. a6 Rxb5 29. Qxb5 Qd1+ 30. Kg2 Qxc2 31. a7 Qxe4+ 32. Kg1 Qxd5 33. Qb8+ Kg7 34. a8Q Qxa8 35. Qxa8 Bxc3 36. Kg2 Bf6 37. f4 c4 38. Qc6 c3 39. g4 g5 40. fxg5 Be5 41. h4 e6 42. Kf3 d5 43. h5 d4 44. Ke4 f6 45. Qd7+ Kf8 46. gxf6 Bxf6 47. Qxe6 Bh8 48. Qc8+ Kg7 49. Kxd4 c2 50. Qxc2 Kh6+ 51. Ke4 Bf6 52. Kf5 Kg7 53. Qc7+ Kh6 54. g5+ Bxg5 55. Qc6+ Kg7 56. Kxg5 h6+ 57. Qxh6+ 1-0

[Event "Titled Tuesday intern op 20th Jun Early"]
[Site "Chess.com INT"]
[Date "2023.06.20"]
[Round "3"]
[White "Domingo Nunez, Alejandro"]
[Black "Kopylov, Daniel"]
[Result "1-0"]
[WhiteElo "2338"]
[BlackElo "2388"]
[PlyCount "67"]
[EventDate "2023.06.20"]
[EventType "swiss (blitz)"]
[EventRounds "11"]
[EventCountry "USA"]
[SourceTitle "EXT 2024"]
[Source "ChessBase"]
[SourceDate "2023.10.10"]
[SourceVersion "1"]
[SourceVersionDate "2023.10.10"]
[SourceQuality "1"]

1. Nf3 d5 2. g3 c6 3. Bg2 Bg4 4. 0-0 Nd7 5. h3 Bxf3 6. Bxf3 Ngf6 7. Bg2 e6 8. d3 Bd6 9. e4 0-0 10. Qe2 e5 11. f4 Re8 12. f5 h6 13. Nc3 d4 14. Nd1 c5 15. Nf2 b5 16. h4 Nh7 17. Qh5 Rc8 18. a4 a6 19. axb5 axb5 20. Ra6 Bf8 21. Ng4 Nhf6 22. Nxf6+ Nxf6 23. Qf3 Nd7 24. Qf2 Be7 25. Bh3 Ra8 26. Rxa8 Qxa8 27. g4 Qd8 28. f6 gxf6 29. Bxh6 Bf8 30. Bd2 c4 31. g5 fxg5 32. Qxf7+ Kh8 33. Bxg5 Re7 34. Bxe7 1-0

[Event "Titled Tuesday intern op 20th Jun Early"]
[Site "Chess.com INT"]
[Date "2023.06.20"]
[Round "4"]
[White "Kopylov, Daniel"]
[Black "Cina`, Vittorio"]
[Result "0-1"]
[WhiteElo "2388"]
[BlackElo "2133"]
[PlyCount "58"]
[EventDate "2023.06.20"]
[EventType "swiss (blitz)"]
[EventRounds "11"]
[EventCountry "USA"]
[SourceTitle "EXT 2024"]
[Source "ChessBase"]
[SourceDate "2023.10.10"]
[SourceVersion "1"]
[SourceVersionDate "2023.10.10"]
[SourceQuality "1"]

1. e4 d6 2. d4 Nf6 3. Nc3 g6 4. Be3 c6 5. f3 b5 6. Qd2 Nbd7 7. Bd3 Nb6 8. a4 Nc4 9. Bxc4 bxc4 10. Nge2 Rb8 11. Rb1 Bg7 12. 0-0 0-0 13. Rfd1 d5 14. e5 Ne8 15. b3 cxb3 16. cxb3 Ba6 17. Nc1 f6 18. f4 fxe5 19. fxe5 Nc7 20. b4 Bc4 21. Nd3 Ne6 22. Nc5 Nxc5 23. bxc5 Qd7 24. Rxb8 Rxb8 25. Bh6 Bxh6 26. Qxh6 Rb3 27. Rb1 Qf5 28. Qc1 Rxc3 29. Rb8+ Kg7 0-1

[Event "Titled Tuesday intern op 20th Jun Early"]
[Site "Chess.com INT"]
[Date "2023.06.20"]
[Round "6"]
[White "Kopylov, Daniel"]
[Black "Samaganova, Alexandra"]
[Result "1-0"]
[WhiteElo "2388"]
[BlackElo "1827"]
[PlyCount "161"]
[EventDate "2023.06.20"]
[EventType "swiss (blitz)"]
[EventRounds "11"]
[EventCountry "USA"]
[SourceTitle "EXT 2024"]
[Source "ChessBase"]
[SourceDate "2023.10.10"]
[SourceVersion "1"]
[SourceVersionDate "2023.10.10"]
[SourceQuality "1"]

1. e4 c5 2. Nf3 e6 3. Nc3 a6 4. g3 b5 5. Bg2 Bb7 6. d3 Qc7 7. 0-0 Nf6 8. a4 b4 9. Nb1 d5 10. Bf4 Qc8 11. Nbd2 Be7 12. Re1 0-0 13. a5 Nbd7 14. h4 Bd8 15. Bd6 Re8 16. exd5 Bxd5 17. Nc4 Qb7 18. Ne3 Bc6 19. Ne5 Bxg2 20. Nxg2 Bc7 21. Nc4 Nd5 22. Qf3 N7f6 23. Bxc5 Qc6 24. Bd4 Red8 25. Bxf6 gxf6 26. Nge3 f5 27. Nxd5 Qxd5 28. Qxd5 Rxd5 29. Kg2 b3 30. cxb3 Rxd3 31. Re3 Rad8 32. Rc1 R3d5 33. b4 Rd4 34. Rb3 Bb8 35. b5 axb5 36. Rxb5 Rc8 37. b3 Rd3 38. a6 Ba7 39. Rb7 Bd4 40. Rxf7 Rxb3 41. a7 Bxa7 42. Rxa7 Rb4 43. Re7 Rbxc4 44. Rxc4 Rxc4 45. Rxe6 Kf7 46. Re5 Kg6 47. Rb5 Rc2 48. Kf3 Rc3+ 49. Kf4 Rc4+ 50. Kf3 Rc3+ 51. Kg2 Rc2 52. Rb4 Rc3 53. Rf4 Rb3 54. f3 Ra3 55. Kh3 Rb3 56. Kg2 Ra3 57. Rb4 Rc3 58. Rb6+ Kg7 59. Kf2 Ra3 60. Ke2 Rc3 61. Rd6 Ra3 62. Rd3 Ra2+ 63. Ke3 Rg2 64. Kf4 Ra2 65. Kxf5 Ra6 66. Kg4 Ra5 67. Kh3 Ra4 68. g4 Kg6 69. Kg3 Ra1 70. Rd6+ Kg7 71. Rb6 Ra2 72. h5 Ra4 73. g5 Ra5 74. f4 Ra3+ 75. Kg4 Ra1 76. Rb7+ Kg8 77. g6 hxg6 78. hxg6 Rg1+ 79. Kf5 Rf1 80. Kg5 Rg1+ 81. Kf6 1-0

[Event "Titled Tuesday intern op 20th Jun Early"]
[Site "Chess.com INT"]
[Date "2023.06.20"]
[Round "9"]
[White "Kopylov, Daniel"]
[Black "Shukhman, Anna"]
[Result "0-1"]
[WhiteElo "2388"]
[BlackElo "2154"]
[PlyCount "66"]
[EventDate "2023.06.20"]
[EventType "swiss (blitz)"]
[EventRounds "11"]
[EventCountry "USA"]
[SourceTitle "EXT 2024"]
[Source "ChessBase"]
[SourceDate "2023.10.10"]
[SourceVersion "1"]
[SourceVersionDate "2023.10.10"]
[SourceQuality "1"]

1. e4 c5 2. Nf3 a6 3. g3 b5 4. Bg2 Bb7 5. d3 Nc6 6. 0-0 g6 7. Re1 Bg7 8. a4 d6 9. Na3 b4 10. Nc4 f6 11. a5 Nh6 12. d4 cxd4 13. Nxd4 Nxd4 14. Qxd4 0-0 15. Nb6 Rb8 16. Qxb4 Nf7 17. c3 Ne5 18. h3 f5 19. f4 Nc6 20. Qc4+ Kh8 21. exf5 Nxa5 22. Qb4 Bxg2 23. Qxa5 Bxh3 24. Nd5 Qd7 25. Nxe7 Qa7+ 26. Re3 Rxb2 27. Qxa6 Qc5 28. Qd3 Rg2+ 29. Kh1 gxf5 30. Ba3 Qb6 31. Bxd6 Qb2 32. Rb1 Rh2+ 33. Kg1 Qg2# 0-1

[Event "Titled Tuesday intern op 13th Jun Early"]
[Site "Chess.com INT"]
[Date "2023.06.13"]
[Round "11"]
[White "Mohammad Fahad, Rahman"]
[Black "Kopylov, Daniel"]
[Result "1-0"]
[WhiteElo "2424"]
[BlackElo "2388"]
[PlyCount "97"]
[EventDate "2023.06.13"]
[EventType "swiss (blitz)"]
[EventRounds "11"]
[EventCountry "USA"]
[SourceTitle "EXT 2024"]
[Source "ChessBase"]
[SourceDate "2023.10.10"]
[SourceVersion "1"]
[SourceVersionDate "2023.10.10"]
[SourceQuality "1"]

1. Nf3 Nf6 2. g3 g6 3. Bg2 Bg7 4. 0-0 0-0 5. d4 d5 6. c4 c6 7. Nc3 Ne4 8. Bf4 Bf5 9. Qb3 Qb6 10. c5 Qxb3 11. axb3 Nd7 12. b4 a6 13. Nh4 Bxd4 14. Nxf5 gxf5 15. Na4 Bg7 16. Rad1 e6 17. f3 Nef6 18. Bd6 Rfd8 19. Nc3 Ne8 20. Be7 Rdc8 21. e4 fxe4 22. fxe4 Nc7 23. Na4 Re8 24. Bd6 Nb5 25. Bf4 e5 26. Bg5 d4 27. Bh3 Nf8 28. Nb6 Rab8 29. Rf5 Ne6 30. Bh4 Nbc7 31. Rdf1 d3 32. Rxf7 d2 33. Rd7 Nd4 34. Rxc7 Rf8 35. Rd1 Bh6 36. Nd7 Rf7 37. Nf6+ Kf8 38. Nxh7+ Kg7 39. Rxf7+ Kxf7 40. Ng5+ Bxg5 41. Bxg5 Nf3+ 42. Kg2 Nxg5 43. Rxd2 Nxe4 44. Re2 Ng5 45. Rxe5 Kf6 46. Rf5+ Kg6 47. Rf4 Rd8 48. Bf5+ Kh5 49. Rh4# 1-0

[Event "Maastricht Limburg op 15th"]
[Site "Maastricht"]
[Date "2023.05.29"]
[Round "6"]
[White "Fischer, Daniel1111"]
[Black "Kopylov, Daniel"]
[Result "1/2-1/2"]
[WhiteElo "2383"]
[BlackElo "2346"]
[PlyCount "59"]
[EventDate "2023.05.26"]
[EventType "swiss"]
[EventRounds "7"]
[EventCountry "NED"]
[SourceTitle "CBM 214 Extra"]
[Source "ChessBase"]
[SourceDate "2023.07.31"]
[SourceVersion "1"]
[SourceVersionDate "2023.07.31"]
[SourceQuality "1"]

1. e4 e5 2. Nf3 Nf6 3. Nxe5 d6 4. Nf3 Nxe4 5. d4 d5 6. Bd3 Nc6 7. 0-0 Be7 8. Nbd2 Nxd2 9. Bxd2 Bg4 10. c3 0-0 11. h3 Bh5 12. g3 Bd6 13. Kg2 Rb8 14. Re1 Bg6 15. Bxg6 hxg6 16. h4 Qd7 17. Ng5 Be7 18. Qf3 Rbe8 19. h5 Bxg5 20. Bxg5 Rxe1 21. Rxe1 gxh5 22. Qxh5 f6 23. Bf4 Ne7 24. Qh3 Qd8 25. Qe6+ Rf7 26. g4 g5 27. Bg3 Ng6 28. Qe8+ Qxe8 29. Rxe8+ Kg7 30. f3 1/2-1/2

[Event "Dublin Irish New Year GM"]
[Site "Dublin"]
[Date "2023.01.05"]
[Round "2"]
[White "Kopylov, Daniel"]
[Black "Van Foreest, Lucas"]
[Result "0-1"]
[WhiteElo "2336"]
[BlackElo "2583"]
[PlyCount "124"]
[EventDate "2023.01.04"]
[EventType "tourn"]
[EventRounds "9"]
[EventCountry "IRL"]
[EventCategory "6"]
[SourceTitle "CBM 212 Extra"]
[Source "ChessBase"]
[SourceDate "2023.03.31"]
[SourceVersion "1"]
[SourceVersionDate "2023.03.31"]
[SourceQuality "1"]

1. e4 c5 2. Nf3 d6 3. d4 cxd4 4. Nxd4 Nf6 5. Nc3 a6 6. Be3 e5 7. Nf3 Be7 8. Bc4 Be6 9. Bb3 Nbd7 10. 0-0 Rc8 11. Qe2 Qc7 12. Rfd1 0-0 13. h3 b5 14. a3 Rfe8 15. Rac1 Qb7 16. Nd2 Bd8 17. Qf3 Ba5 18. Ndb1 Qc6 19. Bg5 h6 20. Bxf6 Nxf6 21. Nd5 Nd7 22. Ba2 Qb7 23. c3 Bd8 24. Nd2 a5 25. Nf1 Bg5 26. Ra1 g6 27. Qg3 Nc5 28. h4 Bd8 29. h5 Nxe4 30. Qf3 f5 31. hxg6 Kg7 32. Nde3 f4 33. Bxe6 Rxe6 34. Nf5+ Kxg6 35. Qg4+ Kf6 36. Nxh6 Qh7 37. Qh5 Qg6 38. Ng4+ Kg7 39. Qxg6+ Rxg6 40. Re1 Nc5 41. Nfh2 Bb6 42. Rad1 Rg8 43. Kf1 Kf7 44. f3 Rh8 45. Rd5 a4 46. Red1 Ke7 47. Re1 Ke6 48. Red1 Ke7 49. Re1 Rh5 50. Red1 Bc7 51. Kg1 Bb6 52. Kf1 Rh4 53. Re1 Rg8 54. Red1 Bc7 55. Kg1 Rgh8 56. Re1 Bb6 57. Kh1 Rxg4 58. fxg4 Ke6 59. Rd2 d5 60. Rde2 Ne4 61. Rxe4 dxe4 62. Rxe4 Bf2 0-1